[Event "DVM U14 2022"]
[Site "Kelheim GER"]
[Date "2022.12.28"]
[Round "4"]
[White "Polzin, Gustav"]
[Black "Wunderlich, Elias"]
[Result "1/2-1/2"]
[Termination "normal"]
[Board "2.1"]
[WhiteElo "1880"]
[BlackElo "1789"]
[WhiteClock "00:48:37"]
[BlackClock "00:02:38"]
[WhiteTeam "USV Halle"]
[BlackTeam "SC Garching 1980 e.V."]
[PlyCount "120"]
[WhiteFideId "34603280"]
[BlackFideId "34608087"]
[EventCountry "GER"]
[EventRounds "7"]
[EventType "team-swiss"]
[EventDate "2022.12.26"]

1. e4 {[%clk 01:30:55]} {[%emt 00:00:04]} e6 {[%clk 01:30:55]} {[%emt
00:00:06]} 2. d4 {[%clk 01:30:18]} {[%emt 00:01:07]} d5 {[%clk 01:31:22]}
{[%emt 00:00:02]} 3. exd5 {[%clk 01:29:58]} {[%emt 00:00:51]} exd5 {[%clk
01:31:48]} {[%emt 00:00:04]} 4. Bd3 {[%clk 01:29:53]} {[%emt 00:00:34]} Nf6
{[%clk 01:31:54]} {[%emt 00:00:24]} 5. h3 {[%clk 01:28:52]} {[%emt 00:01:33]}
c5 {[%clk 01:32:08]} {[%emt 00:00:16]} 6. dxc5 {[%clk 01:28:31]} {[%emt
00:00:51]} Bxc5 {[%clk 01:32:35]} {[%emt 00:00:02]} 7. Nf3 {[%clk 01:27:57]}
{[%emt 00:01:03]} O-O {[%clk 01:32:48]} {[%emt 00:00:18]} 8. O-O {[%clk
01:28:01]} {[%emt 00:00:26]} h6 {[%clk 01:33:04]} {[%emt 00:00:15]} 9. Nbd2
{[%clk 01:26:51]} {[%emt 00:01:39]} Nc6 {[%clk 01:32:15]} {[%emt 00:01:18]} 10.
Nb3 {[%clk 01:26:31]} {[%emt 00:00:50]} Bb6 {[%clk 01:32:29]} {[%emt 00:00:16]}
11. c3 {[%emt 00:01:34]} Qd6 {[%clk 01:32:18]} 12. Nbd4 {[%clk 01:19:00]}
{[%emt 00:07:38]} Nxd4 {[%clk 01:31:34]} {[%emt 00:01:13]} 13. cxd4 {[%clk
01:18:44]} {[%emt 00:00:46]} Re8 {[%clk 01:31:38]} {[%emt 00:00:26]} 14. Be3
{[%clk 01:13:55]} {[%emt 00:05:20]} Bc7 {[%clk 01:29:58]} {[%emt 00:02:10]} 15.
Ne5 {[%clk 01:12:29]} {[%emt 00:01:56]} Rxe5 {[%clk 01:15:53]} {[%emt
00:14:35]} 16. Bf4 {[%clk 01:10:19]} {[%emt 00:02:40]} Re1 {[%clk 01:15:59]}
{[%emt 00:00:24]} 17. Bxd6 {[%clk 01:09:10]} {[%emt 00:01:39]} Rxd1 {[%clk
01:16:25]} {[%emt 00:00:04]} 18. Rfxd1 {[%clk 01:08:17]} {[%emt 00:01:23]} Bxd6
{[%clk 01:16:53]} {[%emt 00:00:02]} 19. Rac1 {[%clk 01:07:48]} {[%emt
00:01:00]} Bd7 {[%clk 01:16:39]} {[%emt 00:00:44]} 20. Re1 {[%clk 01:06:31]}
{[%emt 00:01:48]} Ne8 {[%clk 01:16:19]} {[%emt 00:00:49]} 21. b3 {[%clk
01:02:22]} {[%emt 00:04:39]} Nc7 {[%clk 01:16:22]} {[%emt 00:00:27]} 22. g4
{[%clk 00:58:44]} {[%emt 00:04:09]} g6 {[%clk 01:16:27]} {[%emt 00:00:24]} 23.
Rcd1 {[%clk 00:56:13]} {[%emt 00:03:01]} Ne6 {[%clk 01:16:28]} {[%emt
00:00:29]} 24. Bf1 {[%clk 00:52:11]} {[%emt 00:04:31]} Rc8 {[%clk 01:15:12]}
{[%emt 00:01:44]} 25. Re3 {[%clk 00:45:44]} {[%emt 00:06:59]} Rc2 {[%clk
01:13:35]} {[%emt 00:02:05]} 26. Re2 {[%clk 00:45:47]} {[%emt 00:00:30]} Rxe2
{[%clk 01:11:43]} {[%emt 00:02:21]} 27. Bxe2 {[%clk 00:46:13]} {[%emt
00:00:04]} Bc6 {[%clk 01:09:15]} {[%emt 00:02:57]} 28. a4 {[%clk 00:43:03]}
{[%emt 00:03:41]} a6 {[%clk 01:09:17]} {[%emt 00:00:28]} 29. Bf1 {[%clk
00:35:54]} {[%emt 00:07:39]} Bb4 {[%clk 01:07:58]} {[%emt 00:01:48]} 30. Kg2
{[%clk 00:35:24]} {[%emt 00:01:01]} Bc3 {[%clk 01:07:29]} {[%emt 00:00:55]} 31.
Rc1 {[%clk 00:35:36]} {[%emt 00:00:21]} Bxd4 {[%clk 01:04:48]} {[%emt
00:03:11]} 32. Bxa6 {[%clk 00:35:12]} {[%emt 00:00:54]} Bb2 {[%clk 01:04:45]}
{[%emt 00:00:33]} 33. Rc2 {[%clk 00:34:13]} {[%emt 00:01:29]} d4 {[%clk
01:04:52]} {[%emt 00:00:23]} 34. f3 {[%clk 00:32:36]} {[%emt 00:02:08]} Bc3
{[%clk 01:04:38]} {[%emt 00:00:43]} 35. Bc4 {[%clk 00:29:59]} {[%emt 00:03:07]}
Kg7 {[%clk 00:57:00]} {[%emt 00:08:07]} 36. Kf2 {[%clk 00:24:41]} {[%emt
00:05:49]} Kf6 {[%clk 00:56:18]} {[%emt 00:01:12]} 37. h4 {[%clk 00:24:39]}
{[%emt 00:00:33]} Nf4 {[%clk 00:56:16]} {[%emt 00:00:30]} 38. Ra2 {[%clk
00:22:24]} {[%emt 00:02:47]} d3 {[%clk 00:55:27]} {[%emt 00:01:18]} 39. Ke3
{[%clk 00:22:12]} {[%emt 00:00:43]} d2 {[%clk 00:55:22]} {[%emt 00:00:35]} 40.
Rxd2 {[%clk 00:21:31]} {[%emt 00:01:11]} Bxd2 {[%clk 00:55:38]} {[%emt
00:00:13]} 41. Kxd2 {[%clk 00:22:00]} {[%emt 00:00:02]} Bd5 {[%clk 00:55:15]}
{[%emt 00:00:53]} 42. Bxd5 {[%clk 00:21:57]} {[%emt 00:00:34]} Nxd5 {[%clk
00:55:37]} {[%emt 00:00:08]} 43. Kd3 {[%clk 00:22:14]} {[%emt 00:00:13]} Ke5
{[%clk 00:55:47]} {[%emt 00:00:19]} 44. Kc4 {[%clk 00:22:25]} {[%emt 00:00:19]}
f5 {[%clk 00:44:41]} {[%emt 00:11:36]} 45. Kc5 {[%clk 00:22:01]} {[%emt
00:00:54]} fxg4 {[%clk 00:44:03]} {[%emt 00:01:08]} 46. fxg4 {[%clk 00:22:21]}
{[%emt 00:00:10]} g5 {[%clk 00:43:57]} {[%emt 00:00:36]} 47. hxg5 {[%emt
00:01:12]} hxg5 {[%clk 00:44:24]} {[%emt 00:00:01]} 48. a5 {[%clk 00:21:56]}
{[%emt 00:00:15]} Ne7 {[%clk 00:01:58]} {[%emt 01:12:56]} 49. Kb6 {[%clk
00:46:26]} {[%emt 00:05:59]} Nc6 {[%clk 00:02:27]} {[%emt 00:00:02]} 50. a6
{[%clk 00:45:42]} {[%emt 00:01:14]} bxa6 {[%clk 00:02:55]} {[%emt 00:00:02]}
51. Kxc6 {[%clk 00:45:48]} {[%emt 00:00:24]} Kf4 {[%emt 00:00:57]} 52. Kb6
{[%clk 00:45:52]} {[%emt 00:00:25]} Kxg4 {[%clk 00:02:56]} {[%emt 00:00:04]}
53. Kxa6 {[%clk 00:46:13]} {[%emt 00:00:08]} Kf5 {[%clk 00:01:09]} {[%emt
00:02:18]} 54. b4 {[%clk 00:46:29]} {[%emt 00:00:14]} g4 {[%clk 00:01:28]}
{[%emt 00:00:11]} 55. b5 {[%clk 00:46:53]} {[%emt 00:00:07]} g3 {[%clk
00:01:39]} {[%emt 00:00:19]} 56. b6 {[%clk 00:47:14]} {[%emt 00:00:08]} g2
{[%clk 00:01:57]} {[%emt 00:00:12]} 57. b7 {[%clk 00:47:36]} {[%emt 00:00:08]}
g1=Q {[%clk 00:02:11]} {[%emt 00:00:15]} 58. b8=Q {[%clk 00:48:03]} {[%emt
00:00:04]} Qa1 {[%clk 00:02:26]} {[%emt 00:00:15]} 59. Kb7 {[%clk 00:48:25]}
{[%emt 00:00:08]} Qb2 {[%clk 00:02:32]} {[%emt 00:00:23]} 60. Ka8 {[%clk
00:48:37]} {[%emt 00:00:19]} Qxb8 {[%clk 00:02:38]} {[%emt 00:00:24]} 1/2-1/2

[Event "DVM U14 2022"]
[Site "Kelheim GER"]
[Date "2022.12.28"]
[Round "4"]
[White "Sajka, Noah"]
[Black "Lischka, Marten"]
[Result "1-0"]
[Termination "normal"]
[Board "2.2"]
[WhiteElo "1233"]
[BlackElo "1598"]
[WhiteClock "00:28:58"]
[BlackClock "00:01:37"]
[WhiteTeam "SC Garching 1980 e.V."]
[BlackTeam "USV Halle"]
[PlyCount "81"]
[WhiteFideId "34608192"]
[BlackFideId "34603328"]
[EventCountry "GER"]
[EventRounds "7"]
[EventType "team-swiss"]
[EventDate "2022.12.26"]

1. e4 {[%clk 01:30:59]} e5 {[%clk 01:30:55]} {[%emt 00:00:05]} 2. Nf3 {[%clk
01:31:20]} {[%emt 00:00:09]} Nc6 {[%clk 01:31:20]} {[%emt 00:00:05]} 3. Bb5
{[%clk 01:31:38]} {[%emt 00:00:12]} Nf6 {[%clk 01:31:27]} {[%emt 00:00:24]} 4.
d3 {[%clk 01:31:49]} {[%emt 00:00:19]} d6 {[%clk 01:30:30]} {[%emt 00:01:27]}
5. c3 {[%clk 01:31:41]} {[%emt 00:00:38]} Bd7 {[%clk 01:25:44]} {[%emt
00:05:15]} 6. Ba4 {[%clk 01:31:01]} {[%emt 00:01:10]} Ne7 {[%clk 01:24:27]}
{[%emt 00:01:47]} 7. Bb3 {[%clk 01:30:49]} {[%emt 00:00:42]} h6 {[%clk
01:23:55]} {[%emt 00:01:03]} 8. h3 {[%clk 01:30:00]} {[%emt 00:01:18]} Ng6
{[%clk 01:22:59]} {[%emt 00:01:27]} 9. Be3 {[%clk 01:28:44]} {[%emt 00:01:46]}
Be7 {[%clk 01:21:55]} {[%emt 00:01:35]} 10. Nbd2 {[%clk 01:27:19]} {[%emt
00:01:54]} c5 {[%clk 01:18:24]} {[%emt 00:04:01]} 11. a4 {[%clk 01:25:31]}
{[%emt 00:02:19]} Bc6 {[%clk 01:17:00]} {[%emt 00:01:54]} 12. Nf1 {[%clk
01:21:53]} {[%emt 00:04:08]} Nh5 {[%clk 01:05:48]} {[%emt 00:11:42]} 13. Ng3
{[%clk 01:17:53]} {[%emt 00:04:30]} Nxg3 {[%clk 00:59:14]} {[%emt 00:07:05]}
14. fxg3 {[%clk 01:18:11]} {[%emt 00:00:11]} O-O {[%clk 00:56:50]} {[%emt
00:02:54]} 15. O-O {[%clk 01:17:29]} {[%emt 00:01:13]} Qd7 {[%clk 00:55:50]}
{[%emt 00:01:29]} 16. Qd2 {[%clk 01:15:02]} {[%emt 00:02:57]} Kh7 {[%clk
00:53:30]} {[%emt 00:02:51]} 17. Nh2 {[%clk 01:14:36]} {[%emt 00:00:57]} d5
{[%clk 00:47:46]} {[%emt 00:06:14]} 18. exd5 {[%clk 01:01:33]} {[%emt
00:13:33]} Bxd5 {[%clk 00:48:06]} {[%emt 00:00:10]} 19. Bc2 {[%clk 01:01:30]}
{[%emt 00:00:33]} Be6 {[%clk 00:44:22]} {[%emt 00:04:15]} 20. Qe2 {[%clk
00:54:33]} {[%emt 00:07:25]} b6 {[%clk 00:27:47]} {[%emt 00:17:05]} 21. Rad1
{[%clk 00:53:35]} {[%emt 00:01:29]} Bf6 {[%clk 00:26:19]} {[%emt 00:01:58]} 22.
Qh5 {[%clk 00:52:06]} {[%emt 00:01:58]} Qe7 {[%clk 00:23:48]} {[%emt 00:03:02]}
23. Nf3 {[%clk 00:44:01]} {[%emt 00:08:34]} Rh8 {[%clk 00:22:26]} {[%emt
00:01:53]} 24. Nd2 {[%clk 00:41:48]} {[%emt 00:02:43]} Bg5 {[%clk 00:19:38]}
{[%emt 00:03:18]} 25. Bf2 {[%clk 00:40:04]} {[%emt 00:02:14]} Bxd2 {[%clk
00:15:47]} {[%emt 00:04:21]} 26. Rxd2 {[%clk 00:40:22]} {[%emt 00:00:12]} Qg5
{[%clk 00:15:46]} {[%emt 00:00:31]} 27. Qe2 {[%clk 00:40:14]} {[%emt 00:00:37]}
Rad8 {[%clk 00:14:08]} {[%emt 00:02:08]} 28. Kh2 {[%clk 00:39:47]} {[%emt
00:00:57]} f5 {[%clk 00:13:41]} {[%emt 00:00:58]} 29. d4 {[%clk 00:37:10]}
{[%emt 00:03:07]} Bc4 {[%clk 00:10:20]} {[%emt 00:03:51]} 30. Bd3 {[%clk
00:37:17]} {[%emt 00:00:23]} Bxd3 {[%clk 00:10:23]} {[%emt 00:00:27]} 31. Rxd3
{[%clk 00:37:34]} {[%emt 00:00:13]} e4 {[%clk 00:09:46]} {[%emt 00:01:07]} 32.
Rdd1 {[%clk 00:37:23]} {[%emt 00:00:40]} cxd4 {[%clk 00:09:15]} {[%emt
00:01:01]} 33. Rxd4 {[%clk 00:36:44]} {[%emt 00:01:09]} Ne5 {[%clk 00:09:05]}
{[%emt 00:00:40]} 34. Be3 {[%clk 00:36:56]} {[%emt 00:00:18]} Qg6 {[%clk
00:08:50]} {[%emt 00:00:45]} 35. Qb5 {[%clk 00:35:37]} {[%emt 00:01:49]} Rxd4
{[%clk 00:06:56]} {[%emt 00:02:24]} 36. Bxd4 {[%clk 00:35:50]} {[%emt
00:00:17]} Nd3 {[%clk 00:07:11]} {[%emt 00:00:15]} 37. Rxf5 {[%clk 00:34:19]}
{[%emt 00:02:01]} Nxb2 {[%clk 00:07:30]} {[%emt 00:00:11]} 38. Qd7 {[%clk
00:33:17]} {[%emt 00:01:31]} a6 {[%clk 00:05:09]} {[%emt 00:02:52]} 39. Bxg7
{[%clk 00:33:14]} {[%emt 00:00:34]} Re8 {[%clk 00:01:36]} {[%emt 00:04:02]} 40.
Rf7 {[%clk 00:28:45]} {[%emt 00:04:59]} Kg8 {[%clk 00:01:37]} {[%emt 00:00:29]}
41. Qxe8 {[%clk 00:28:58]} {[%emt 00:00:17]} 1-0

[Event "DVM U14 2022"]
[Site "Kelheim GER"]
[Date "2022.12.28"]
[Round "4"]
[White "Knüpfer, Johannes"]
[Black "Chua, Daniel James"]
[Result "0-1"]
[Termination "normal"]
[Board "2.3"]
[WhiteElo "1242"]
[BlackElo "1416"]
[WhiteClock "00:47:09"]
[BlackClock "00:47:53"]
[WhiteTeam "USV Halle"]
[BlackTeam "SC Garching 1980 e.V."]
[PlyCount "40"]
[WhiteFideId "34605967"]
[BlackFideId "34608354"]
[EventCountry "GER"]
[EventRounds "7"]
[EventType "team-swiss"]
[EventDate "2022.12.26"]

1. e4 {[%emt 00:00:15]} e5 {[%clk 01:30:47]} 2. Nf3 {[%clk 01:31:21]} {[%emt
00:00:07]} Nc6 {[%clk 01:31:13]} {[%emt 00:00:04]} 3. Bc4 {[%clk 01:31:43]}
{[%emt 00:00:07]} Bc5 {[%clk 01:31:26]} {[%emt 00:00:17]} 4. c3 {[%clk
01:32:06]} {[%emt 00:00:08]} Nf6 {[%clk 01:31:20]} {[%emt 00:00:36]} 5. d4
{[%clk 01:32:28]} {[%emt 00:00:07]} exd4 {[%clk 01:31:47]} {[%emt 00:00:04]} 6.
O-O {[%emt 00:00:08]} Nxe4 {[%clk 01:32:12]} {[%emt 00:00:02]} 7. cxd4 {[%clk
01:33:14]} {[%emt 00:00:08]} d5 {[%clk 01:32:40]} {[%emt 00:00:03]} 8. dxc5
{[%clk 01:33:35]} {[%emt 00:00:08]} dxc4 {[%clk 01:33:06]} {[%emt 00:00:04]} 9.
Qe2 {[%clk 01:33:54]} {[%emt 00:00:10]} Qd3 {[%clk 01:33:31]} {[%emt 00:00:05]}
10. Re1 {[%clk 01:34:18]} {[%emt 00:00:07]} f5 {[%clk 01:33:56]} {[%emt
00:00:06]} 11. Nc3 {[%clk 01:34:40]} {[%emt 00:00:07]} O-O {[%clk 01:30:10]}
{[%emt 00:04:17]} 12. Nxe4 {[%clk 01:34:48]} {[%emt 00:00:21]} fxe4 {[%clk
01:30:38]} {[%emt 00:00:02]} 13. Qxe4 {[%clk 01:35:03]} {[%emt 00:00:15]} Bf5
{[%clk 01:30:58]} {[%emt 00:00:10]} 14. Qh4 {[%clk 01:34:57]} {[%emt 00:00:36]}
Rfe8 {[%clk 01:11:11]} {[%emt 00:20:17]} 15. Bf4 {[%clk 01:30:55]} {[%emt
00:04:32]} Nd4 {[%clk 01:00:14]} {[%emt 00:11:24]} 16. Ne5 {[%clk 01:13:24]}
{[%emt 00:18:04]} Ne2 {[%clk 00:50:14]} {[%emt 00:10:29]} 17. Kh1 {[%clk
01:11:48]} {[%emt 00:02:06]} Qe4 {[%clk 00:49:24]} {[%emt 00:01:19]} 18. Rxe2
{[%clk 00:50:26]} {[%emt 00:21:53]} Qxe2 {[%clk 00:48:51]} {[%emt 00:01:03]}
19. Rc1 {[%clk 00:48:44]} {[%emt 00:02:13]} Qxb2 {[%clk 00:47:33]} {[%emt
00:01:47]} 20. Nxc4 {[%clk 00:47:09]} {[%emt 00:02:05]} Qxc1 {[%clk 00:47:53]}
{[%emt 00:00:10]} 0-1

[Event "DVM U14 2022"]
[Site "Kelheim GER"]
[Date "2022.12.28"]
[Round "4"]
[White "Lange, Tobias"]
[Black "Haase, Alexander"]
[Result "0-1"]
[Termination "normal"]
[Board "2.4"]
[WhiteElo "1472"]
[BlackElo "1432"]
[WhiteClock "00:30:19"]
[BlackClock "00:25:26"]
[WhiteTeam "SC Garching 1980 e.V."]
[BlackTeam "USV Halle"]
[PlyCount "92"]
[WhiteFideId "34608281"]
[BlackFideId "34606602"]
[EventCountry "GER"]
[EventRounds "7"]
[EventType "team-swiss"]
[EventDate "2022.12.26"]

1. e4 {[%clk 01:31:00]} c6 {[%clk 01:30:53]} {[%emt 00:00:08]} 2. d4 {[%clk
01:31:21]} {[%emt 00:00:09]} d5 {[%clk 01:31:15]} {[%emt 00:00:07]} 3. exd5
{[%clk 01:31:34]} {[%emt 00:00:18]} cxd5 {[%clk 01:31:35]} {[%emt 00:00:10]} 4.
Bd3 {[%clk 01:31:34]} {[%emt 00:00:30]} Nc6 {[%clk 01:31:25]} {[%emt 00:00:40]}
5. Nf3 {[%clk 01:30:49]} {[%emt 00:01:15]} Bg4 {[%clk 01:29:53]} {[%emt
00:02:02]} 6. c3 {[%clk 01:30:25]} {[%emt 00:00:53]} Qc7 {[%clk 01:30:03]}
{[%emt 00:00:20]} 7. h3 {[%clk 01:28:53]} {[%emt 00:02:03]} Bh5 {[%clk
01:29:48]} {[%emt 00:00:45]} 8. O-O {[%clk 01:23:37]} {[%emt 00:05:46]} e6
{[%clk 01:29:22]} {[%emt 00:00:56]} 9. Nbd2 {[%clk 01:22:54]} {[%emt 00:01:13]}
Bd6 {[%clk 01:28:33]} {[%emt 00:01:19]} 10. Qc2 {[%clk 01:20:20]} {[%emt
00:03:05]} Nf6 {[%clk 01:26:29]} {[%emt 00:02:32]} 11. Ng5 {[%clk 01:09:38]}
{[%emt 00:11:12]} h6 {[%clk 01:25:41]} {[%emt 00:01:19]} 12. Nh7 {[%clk
01:05:50]} {[%emt 00:04:19]} Nxh7 {[%clk 01:25:05]} {[%emt 00:01:05]} 13. Bxh7
{[%clk 01:05:43]} {[%emt 00:00:37]} g6 {[%clk 01:25:23]} {[%emt 00:00:13]} 14.
g4 {[%clk 01:05:03]} {[%emt 00:01:10]} Rxh7 {[%clk 01:13:05]} {[%emt 00:12:48]}
15. gxh5 {[%clk 01:05:13]} {[%emt 00:00:20]} Nxd4 {[%clk 01:13:04]} {[%emt
00:00:31]} 16. Qa4 {[%clk 00:59:54]} {[%emt 00:05:49]} Nc6 {[%clk 01:13:12]}
{[%emt 00:00:22]} 17. hxg6 {[%clk 00:54:23]} {[%emt 00:06:01]} Rg7 {[%clk
01:10:41]} {[%emt 00:03:02]} 18. Nf3 {[%clk 00:54:13]} {[%emt 00:00:41]} Rxg6
{[%clk 01:05:57]} {[%emt 00:05:14]} 19. Kh1 {[%clk 00:53:43]} {[%emt 00:01:00]}
O-O-O {[%clk 01:04:40]} {[%emt 00:01:46]} 20. Be3 {[%clk 00:50:10]} {[%emt
00:04:03]} Kb8 {[%clk 01:03:44]} {[%emt 00:01:27]} 21. b4 {[%clk 00:47:13]}
{[%emt 00:03:27]} e5 {[%clk 00:50:01]} {[%emt 00:14:13]} 22. Rg1 {[%clk
00:42:50]} {[%emt 00:04:54]} Qc8 {[%clk 00:46:50]} {[%emt 00:03:41]} 23. Nh2
{[%clk 00:39:47]} {[%emt 00:03:33]} Qxh3 {[%clk 00:38:42]} {[%emt 00:08:39]}
24. Rxg6 {[%clk 00:38:30]} {[%emt 00:01:48]} fxg6 {[%clk 00:36:33]} {[%emt
00:02:38]} 25. Rg1 {[%clk 00:38:01]} {[%emt 00:00:59]} e4 {[%clk 00:36:20]}
{[%emt 00:00:44]} 26. Rg2 {[%clk 00:38:00]} {[%emt 00:00:31]} Bxh2 {[%clk
00:36:30]} {[%emt 00:00:19]} 27. b5 {[%clk 00:36:38]} {[%emt 00:01:52]} Bf4
{[%clk 00:30:03]} {[%emt 00:06:57]} 28. Kg1 {[%clk 00:36:09]} {[%emt 00:00:59]}
Bxe3 {[%clk 00:27:05]} {[%emt 00:03:29]} 29. bxc6 {[%clk 00:34:44]} {[%emt
00:01:54]} Bb6 {[%clk 00:27:22]} {[%emt 00:00:15]} 30. cxb7 {[%clk 00:34:16]}
{[%emt 00:00:56]} Qxc3 {[%clk 00:26:56]} {[%emt 00:00:56]} 31. Rxg6 {[%clk
00:33:52]} {[%emt 00:00:53]} Qe1 {[%clk 00:27:12]} {[%emt 00:00:15]} 32. Kh2
{[%clk 00:32:16]} {[%emt 00:02:06]} Qxf2 {[%clk 00:27:22]} {[%emt 00:00:20]}
33. Kh1 {[%clk 00:30:28]} {[%emt 00:02:19]} Rf8 {[%clk 00:24:21]} {[%emt
00:03:30]} 34. Rxb6 {[%clk 00:28:59]} {[%emt 00:01:59]} Qxb6 {[%clk 00:24:39]}
{[%emt 00:00:12]} 35. Qd7 {[%clk 00:28:29]} {[%emt 00:01:00]} Qb1 {[%clk
00:24:27]} {[%emt 00:00:42]} 36. Kg2 {[%clk 00:28:16]} {[%emt 00:00:43]} Qf1
{[%clk 00:24:45]} {[%emt 00:00:13]} 37. Kg3 {[%clk 00:28:13]} {[%emt 00:00:32]}
Rg8 {[%clk 00:24:52]} {[%emt 00:00:23]} 38. Qg4 {[%clk 00:28:17]} {[%emt
00:00:26]} Qg1 {[%clk 00:25:06]} {[%emt 00:00:17]} 39. Kf4 {[%clk 00:28:35]}
{[%emt 00:00:12]} Qxg4 {[%clk 00:25:25]} {[%emt 00:00:11]} 40. Ke3 {[%clk
00:28:53]} {[%emt 00:00:12]} Qf3 {[%clk 00:25:35]} {[%emt 00:00:20]} 41. Kd4
{[%clk 00:29:08]} {[%emt 00:00:15]} Qd3 {[%clk 00:25:51]} {[%emt 00:00:14]} 42.
Kc5 {[%clk 00:29:12]} {[%emt 00:00:26]} e3 {[%clk 00:26:08]} {[%emt 00:00:14]}
43. a4 {[%clk 00:29:32]} {[%emt 00:00:09]} e2 {[%clk 00:26:32]} {[%emt
00:00:06]} 44. a5 {[%clk 00:29:45]} {[%emt 00:00:17]} e1=Q {[%emt 00:00:13]}
45. a6 {[%clk 00:30:06]} {[%emt 00:00:08]} Qe7 {[%clk 00:26:35]} {[%emt
00:00:45]} 46. Kc6 {[%clk 00:30:19]} {[%emt 00:00:17]} Rg6# {[%clk 00:25:26]}
{[%emt 00:00:14]} 0-1